| 000 | 005580000a22001810004500 | ||
|---|---|---|---|
| 003 | MACL | ||
| 005 | 20160120154825.0 | ||
| 008 | 160120b xxu||||| |||| 00| 0 eng d | ||
| 040 |
_aMACL _cMACL |
||
| 041 | _aHindi | ||
| 082 | _a001/SIN | ||
| 100 |
_aडॉ बृजनाथ सिंह _933682 |
||
| 245 |
_aसामान्य ज्ञान _bकौन क्या है |
||
| 260 |
_bसाइंटिफिक पब्लिशर्स _aभोपाल |
||
| 350 | _a30 | ||
| 650 |
_aGeneralties _933712 |
||
| 942 |
_cHIN _k001/SIN _2ddc |
||
| 999 |
_c30655 _d30655 |
||